LEADER 00854cam0 22002653 450 001 SON0006516 005 20210503091514.0 100 $a20040211d1965 |||||ita|0103 ba 101 $aita 102 $aIT 200 1 $aLa vita di J. M. Keynes$fR. F. Harrod 210 $aTorino$cEinaudi$d1965 215 $a778 p.$d18 cm 225 2 $aPiccola biblioteca Einaudi$v68 410 1$1001LAEC00015152$12001 $a*Piccola biblioteca Einaudi$v68 700 1$aHarrod$b, Roy Forbes$3AF00013676$4070$0526207 801 0$aIT$bUNISOB$c20210503$gRICA 850 $aUNISOB 852 $aUNISOB$j330$m116748 912 $aSON0006516 940 $aM 102 Monografia moderna SBN 941 $aM 957 $a330$b001402$gSI$d116748$hNegro$rDONO$1Alfano$2UNISOB$3UNISOB$420210503091441.0$520210503091500.0$6Alfano 996 $aVita di J. M. Keynes$9818193 997 $aUNISOB LEADER 01230nam0 22003131i 450 001 RML0260930 005 20231121125718.0 100 $a20121121d1986 ||||0itac50 ba 101 | $aita 102 $ait 181 1$6z01$ai $bxxxe 182 1$6z01$an 200 1 $aBartolomeo Sacchi il Platina (Piadena 1421-Roma 1481)$eatti del convegno internazionale di studi per il 5. centenario 210 $aPadova $cAntenore $d1986 215 $aXIII, 259 p.$c[6] c. di tav. : ill.$d25 cm 225 | $aMedioevo e Umanesimo $v62 410 0$1001RML0331204$12001 $aMedioevo e Umanesimo $v62 606 $aPlatina$xCongressi$x1981$2FIR$3RMLC404259$9I 676 $a001.20924$9$v21 702 1$aCampana$b, Augusto$3RMLV157912 702 1$aMedioli Masotti$b, Paola$3RMLV167255 801 3$aIT$bIT-01$c20121121 850 $aIT-FR0017 899 $aBiblioteca umanistica Giorgio Aprea$bFR0017 912 $aRML0260930 950 0$aBiblioteca umanistica Giorgio Aprea$d 52COBAL M.U.62$e 52VM 0000308725 VM barcode:00689. - Inventario:852 ssbalVM$fB $h20010423$i20121204 977 $a 52 996 $aBartolomeo Sacchi il Platina (Piadena 1421-Roma 1481)$9914715 997 $aUNICAS